|
|
|
|
| LEADER |
02337nam a2200661 a 4500 |
| 001 |
nkc20081786631 |
| 003 |
CZ PrNK |
| 005 |
20080626083718.0 |
| 007 |
ta |
| 008 |
080111s2008 xr a a 000 jdcze |
| 015 |
|
|
|a cnb001786631
|
| 020 |
|
|
|a 978-80-85810-60-8
|q (váz.)
|
| 035 |
|
|
|a (OCoLC)236555243
|
| 040 |
|
|
|a OLA001
|b cze
|
| 041 |
1 |
|
|a cze
|h eng
|
| 072 |
|
7 |
|a 2-23/-27
|x Bible. Biblistika
|2 Konspekt
|9 5
|
| 072 |
|
7 |
|a 0/9-053.2
|x Literatura pro děti a mládež (naučná)
|2 Konspekt
|9 26
|
| 080 |
|
|
|a 821-93
|2 MRF
|
| 080 |
|
|
|a 26-236.5
|2 MRF
|
| 080 |
|
|
|a 27-236.5
|2 MRF
|
| 080 |
|
|
|a 27-236
|2 MRF
|
| 080 |
|
|
|a 27-277.2
|2 MRF
|
| 080 |
|
|
|a (0:82-32)
|2 MRF
|
| 080 |
|
|
|a (0.025.2)
|2 MRF
|
| 100 |
1 |
|
|a Goodings, Christina
|7 mzk2008442971
|4 aut
|
| 245 |
1 |
0 |
|a Moje malá bible :
|b [obrázkové leporelo s nejoblíbenějšími biblickými příběhy /
|c převyprávěla Christina Goodings ; překlad Hana Whitton]
|
| 250 |
|
|
|a 1. české vyd.
|
| 260 |
|
|
|a Praha :
|b Česká biblická společnost,
|c 2008
|
| 300 |
|
|
|a [40] s. :
|b barev. il. ;
|c 18 cm
|
| 500 |
|
|
|a Přeloženo z angličtiny
|
| 500 |
|
|
|a Ilustrace Melanie Mitchell
|
| 500 |
|
|
|a Kartonové listy
|
| 504 |
|
|
|a Obsahuje bibliografické odkazy
|
| 630 |
0 |
7 |
|a Bible
|7 unn2006374667
|2 czenas
|
| 650 |
0 |
7 |
|a biblické události
|7 ph138437
|2 czenas
|
| 650 |
0 |
7 |
|a biblické postavy
|7 ph118857
|2 czenas
|
| 650 |
0 |
7 |
|a biblické příběhy
|7 ph118858
|2 czenas
|
| 650 |
0 |
7 |
|a biblické parafráze
|7 ph138436
|2 czenas
|
| 650 |
0 |
7 |
|a biblické citáty
|7 ph118853
|2 czenas
|
| 650 |
0 |
9 |
|a Biblical events
|2 eczenas
|
| 650 |
0 |
9 |
|a Bible persons
|2 eczenas
|
| 650 |
0 |
9 |
|a Bible stories
|2 eczenas
|
| 650 |
0 |
9 |
|a Biblical paraphrases
|2 eczenas
|
| 650 |
0 |
9 |
|a Biblical quotations
|2 eczenas
|
| 655 |
|
7 |
|a příběhy
|7 fd133204
|2 czenas
|
| 655 |
|
7 |
|a publikace pro děti
|7 fd133156
|2 czenas
|
| 655 |
|
7 |
|a leporela
|7 fd132727
|2 czenas
|
| 655 |
|
9 |
|a stories
|2 eczenas
|
| 655 |
|
9 |
|a children's literature
|2 eczenas
|
| 655 |
|
9 |
|a folding picture-books
|2 eczenas
|
| 700 |
1 |
|
|a Mitchell, Melanie
|7 mzk2008442972
|4 ill
|
| 765 |
0 |
|
|t Candle Bible for toddlers
|9 Česky
|
| 787 |
0 |
|
|t Bible
|
| 910 |
2 |
|
|a BOA001
|b M1-1201.854
|
| 990 |
|
|
|a BK
|
| 995 |
|
|
|a 01
|
| 991 |
|
|
|b 200804
|
| 996 |
6 |
|
|b 2610339770
|c M1-1201.854
|l MZK
|r Sklad / do 24 hodin
|n 1
|p p.v.
|w 000891341
|u 000010
|a 1
|e BOA001
|j MZK50
|s P
|